[Event "British Columbia op"]
[Site "Victoria CAN"]
[Date "2009.07.26"]
[Round "5"]
[White "Shi, Diwen"]
[Black "Powell, Ashley"]
[Result "1/2-1/2"]
[WhiteElo "1626"]
[BlackElo "1300"]
[PlyCount "77"]
[GameId "2160767910093577"]
[EventDate "2009.07.24"]
[EventType "swiss"]
[EventRounds "5"]
[EventCountry "CAN"]
[SourceTitle "EXT 2011"]
[Source "ChessBase"]
[SourceDate "2011.11.26"]
[SourceVersion "1"]
[SourceVersionDate "2011.11.26"]
[SourceQuality "1"]

1. c4 e5 2. Nc3 Nf6 3. g3 d5 4. cxd5 Nxd5 5. Bg2 Be6 6. Nf3 Nxc3 7. bxc3 Nc6 8. O-O Bd6 9. a3 O-O 10. Rb1 b6 11. d3 Bc5 12. Nd2 Bd5 13. Ne4 Rb8 14. c4 Bxe4 15. Bxe4 Ne7 16. Bg2 a6 17. Bb2 b5 18. cxb5 Rxb5 19. Bxe5 Bxf2+ 20. Rxf2 Rxe5 21. Qa4 Nd5 22. Qxa6 Nc3 23. Re1 Qd4 24. Kf1 Rfe8 25. Qc4 Qxc4 26. dxc4 Rc5 27. Rf4 g5 28. Rd4 Re3 29. Rd3 Rxd3 30. exd3 Rf5+ 31. Kg1 Ra5 32. Ra1 Ne2+ 33. Kf2 Nd4 34. Ra2 Nb3 35. Be4 f5 36. Bd5+ Kg7 37. Ke3 Nc1 38. Ra1 Nb3 39. Ra2 1/2-1/2

[Event "British Columbia op"]
[Site "Victoria CAN"]
[Date "2009.07.26"]
[Round "5"]
[White "Tate, William"]
[Black "Hamm, Robert"]
[Result "1/2-1/2"]
[WhiteElo "1784"]
[BlackElo "1590"]
[PlyCount "47"]
[GameId "2160767910093578"]
[EventDate "2009.07.24"]
[EventType "swiss"]
[EventRounds "5"]
[EventCountry "CAN"]
[SourceTitle "EXT 2011"]
[Source "ChessBase"]
[SourceDate "2011.11.26"]
[SourceVersion "1"]
[SourceVersionDate "2011.11.26"]
[SourceQuality "1"]

1. e4 c5 2. Nf3 e6 3. b3 Nf6 4. Nc3 a6 5. e5 Nd5 6. Nxd5 exd5 7. d4 d6 8. Bb2 Be6 9. Bd3 Nc6 10. c3 Be7 11. O-O c4 12. Be2 O-O 13. Bc1 b5 14. b4 f6 15. exd6 Bxd6 16. Be3 Ne7 17. Nh4 Ng6 18. Nxg6 hxg6 19. a4 Qc7 20. g3 Kf7 21. axb5 axb5 22. Rxa8 Rxa8 23. Bg4 Qd7 24. Bf3 1/2-1/2

[Event "British Columbia op"]
[Site "Victoria CAN"]
[Date "2009.07.26"]
[Round "5"]
[White "Weller, Stephen"]
[Black "France, Kyle"]
[Result "0-1"]
[WhiteElo "1250"]
[BlackElo "1506"]
[PlyCount "63"]
[GameId "2160767910093580"]
[EventDate "2009.07.24"]
[EventType "swiss"]
[EventRounds "5"]
[EventCountry "CAN"]
[SourceTitle "EXT 2011"]
[Source "ChessBase"]
[SourceDate "2011.11.26"]
[SourceVersion "1"]
[SourceVersionDate "2011.11.26"]
[SourceQuality "1"]

1. e4 e6 2. d4 d5 3. Nc3 Bb4 4. e5 c5 5. a3 Ba5 6. b4 cxd4 7. Qxd4 Nc6 8. Bb5 Bb6 9. Bxc6+ bxc6 10. Qg4 Ne7 11. Qxg7 Rg8 12. Qxh7 Rxg2 13. Qh8+ Rg8 14. Qh4 Qc7 15. Nf3 Ba6 16. a4 Qd7 17. a5 Bc7 18. Na4 Bc4 19. Nc5 Qc8 20. Bg5 Ng6 21. Qh7 Rh8 22. Qg7 Bd8 23. Bxd8 Qxd8 24. Nb7 Qe7 25. Nd6+ Kd7 26. Nxc4 dxc4 27. O-O-O+ Kc7 28. Nd2 Rag8 29. Qf6 Qxb4 30. Qxf7+ Ne7 31. Nb1 Rb8 32. Rd7+ 0-1

[Event "CAN-ch"]
[Site "Guelph CAN"]
[Date "2009.08.08"]
[Round "1"]
[White "Arsenault, Nicolas"]
[Black "Livshits, Ron"]
[Result "1/2-1/2"]
[WhiteElo "2161"]
[BlackElo "2332"]
[PlyCount "36"]
[GameId "2160767910093210"]
[EventDate "2009.08.08"]
[EventType "swiss"]
[EventRounds "9"]
[EventCountry "CAN"]
[SourceTitle "CBM 132 Extra"]
[Source "ChessBase"]
[SourceDate "2009.11.03"]
[SourceVersion "1"]
[SourceVersionDate "2009.11.03"]
[SourceQuality "1"]

1. e4 c5 2. Nf3 d6 3. d4 cxd4 4. Nxd4 Nf6 5. Nc3 e6 6. Be3 a6 7. g4 h6 8. f3 Nc6 9. Qd2 d5 10. exd5 Nxd5 11. Nxd5 Qxd5 12. Nxc6 bxc6 13. O-O-O Be7 14. c4 Qxd2+ 15. Rxd2 c5 16. f4 Bb7 17. Bg2 Bxg2 18. Rxg2 O-O-O 1/2-1/2

[Event "CAN-ch"]
[Site "Guelph CAN"]
[Date "2009.08.08"]
[Round "1"]
[White "Divljan, Igor"]
[Black "Me, Kevin"]
[Result "1/2-1/2"]
[WhiteElo "2290"]
[BlackElo "2145"]
[PlyCount "96"]
[GameId "2160767910093212"]
[EventDate "2009.08.08"]
[EventType "swiss"]
[EventRounds "9"]
[EventCountry "CAN"]
[SourceTitle "CBM 132 Extra"]
[Source "ChessBase"]
[SourceDate "2009.11.03"]
[SourceVersion "1"]
[SourceVersionDate "2009.11.03"]
[SourceQuality "1"]

1. d4 Nf6 2. c4 g6 3. Nc3 Bg7 4. e4 d6 5. Be2 O-O 6. Bg5 h6 7. Be3 Nbd7 8. Qd2 c5 9. d5 Kh7 10. g4 Qa5 11. g5 hxg5 12. Bxg5 a6 13. h4 Rh8 14. Nh3 b5 15. f3 bxc4 16. h5 Nxh5 17. Nf4 Kg8 18. Nxh5 Rxh5 19. Rxh5 gxh5 20. Bxe7 Rb8 21. O-O-O Qc7 22. Rg1 Ne5 23. Bf6 Ng6 24. Bxg7 Kxg7 25. f4 Bg4 26. Bxg4 hxg4 27. Rxg4 Kf8 28. Qh2 Ke7 29. Qh7 Rh8 30. Qg7 Rh1+ 31. Nd1 Kd8 32. Qg8+ Ke7 33. Qg7 Kd8 34. Qc3 Qd7 35. Rg3 Qc7 36. Qxc4 Nxf4 37. Rf3 Ng6 38. Qxa6 Ne5 39. Rb3 Nd7 40. Rb7 Qc8 41. Qa5+ Ke8 42. Qb5 Re1 43. Ra7 Rxe4 44. Nc3 Rb4 45. Qe2+ Ne5 46. Ne4 Rc4+ 47. Kd1 Rd4+ 48. Kc1 Rc4+ 1/2-1/2

[Event "CAN-ch"]
[Site "Guelph CAN"]
[Date "2009.08.08"]
[Round "1"]
[White "Gerzhoy, Leonid"]
[Black "Calugar, Arthur"]
[Result "1-0"]
[WhiteElo "2409"]
[BlackElo "2072"]
[PlyCount "61"]
[GameId "2160767910093213"]
[EventDate "2009.08.08"]
[EventType "swiss"]
[EventRounds "9"]
[EventCountry "CAN"]
[SourceTitle "CBM 132 Extra"]
[Source "ChessBase"]
[SourceDate "2009.11.03"]
[SourceVersion "1"]
[SourceVersionDate "2009.11.03"]
[SourceQuality "1"]

1. e4 c5 2. Nf3 Nc6 3. c3 d5 4. exd5 Qxd5 5. d4 Bg4 6. dxc5 Qxd1+ 7. Kxd1 O-O-O+ 8. Nbd2 e5 9. b4 e4 10. h3 Bh5 11. g4 Bxg4 12. hxg4 exf3 13. Kc2 Ne5 14. g5 f6 15. Nc4 Ne7 16. gxf6 gxf6 17. Nxe5 fxe5 18. Bg5 Rg8 19. Bf6 Re8 20. Bxe5 Nf5 21. Bf4 Re4 22. Bd2 Nh4 23. Kd3 Reg4 24. Bh3 Be7 25. Bxg4+ Rxg4 26. Rae1 Bd8 27. Re8 Ng6 28. Rxh7 Rg2 29. c6 bxc6 30. Rxa7 Kb8 31. Rd7 1-0

[Event "CAN-ch"]
[Site "Guelph CAN"]
[Date "2009.08.08"]
[Round "1"]
[White "Kaminski, Thomas"]
[Black "Plotkin, Victor"]
[Result "1/2-1/2"]
[WhiteElo "2088"]
[BlackElo "2215"]
[PlyCount "138"]
[GameId "2160767910093216"]
[EventDate "2009.08.08"]
[EventType "swiss"]
[EventRounds "9"]
[EventCountry "CAN"]
[SourceTitle "CBM 132 Extra"]
[Source "ChessBase"]
[SourceDate "2009.11.03"]
[SourceVersion "1"]
[SourceVersionDate "2009.11.03"]
[SourceQuality "1"]

1. d4 d5 2. Nf3 Nf6 3. Bf4 e6 4. e3 c5 5. c3 Nc6 6. Nbd2 Be7 7. Bd3 O-O 8. O-O Nh5 9. Bg3 Nxg3 10. hxg3 Qc7 11. dxc5 Bxc5 12. c4 Be7 13. a3 Ne5 14. Nxe5 Qxe5 15. Qc2 Bf6 16. b4 Qxa1 17. Rxa1 Bxa1 18. cxd5 exd5 19. Bxh7+ Kh8 20. Bf5 g6 21. Qa2 Bf6 22. Bxc8 Raxc8 23. Qxd5 Rc1+ 24. Kh2 Kg7 25. g4 Rd8 26. Qa2 Ra1 27. Qc2 Rxa3 28. Ne4 Be5+ 29. g3 b6 30. Kg2 Rad3 31. Qa2 R8d7 32. b5 R3d5 33. Qc4 Rd1 34. Qc2 R1d5 35. Qc4 Rd1 36. Qc2 R1d5 37. Qc4 Rd3 38. g5 Rd1 39. f4 Ba1 40. Qa2 Bc3 41. Kf3 Ba1 42. Qh2 Kf8 43. Nf6 Rd8 44. Qa2 Bxf6 45. gxf6 R8d6 46. Qxa7 Rxf6 47. Qb8+ Ke7 48. Qe5+ Re6 49. Qc3 Rd5 50. Qb3 Rc5 51. e4 Rd6 52. g4 Rd4 53. f5 Rcc4 54. Qa3+ Kf6 55. Qe3 gxf5 56. gxf5 Ke7 57. Qg5+ Kd7 58. Qf6 Rxe4 59. Qxf7+ Kd6 60. Qf6+ Kc7 61. Qg5 Kd6 62. Qg6+ Kc7 63. f6 Rf4+ 64. Kg3 Kd6 65. Qg5 Ke6 66. Qg8+ Kxf6 67. Qd8+ Ke5 68. Qxb6 Rc3+ 69. Kg2 Rc2+ 1/2-1/2

[Event "CAN-ch"]
[Site "Guelph CAN"]
[Date "2009.08.08"]
[Round "1"]
[White "Martchenko, Alexander"]
[Black "Bluvshtein, Mark"]
[Result "1/2-1/2"]
[WhiteElo "2039"]
[BlackElo "2558"]
[PlyCount "64"]
[GameId "2160767910093218"]
[EventDate "2009.08.08"]
[EventType "swiss"]
[EventRounds "9"]
[EventCountry "CAN"]
[SourceTitle "CBM 132 Extra"]
[Source "ChessBase"]
[SourceDate "2009.11.03"]
[SourceVersion "1"]
[SourceVersionDate "2009.11.03"]
[SourceQuality "1"]

1. e4 c5 2. Nf3 d6 3. d4 cxd4 4. Nxd4 Nf6 5. Nc3 Nc6 6. Bg5 e6 7. Qd2 Be7 8. O-O-O a6 9. f4 Bd7 10. Nf3 b5 11. Bd3 b4 12. Ne2 Qb6 13. e5 dxe5 14. fxe5 Nd5 15. Be4 Bxg5 16. Nxg5 Nxe5 17. Bxd5 exd5 18. Nf4 O-O 19. Nxd5 Qa5 20. Kb1 Bg4 21. Rde1 Ng6 22. Qxb4 Qxd5 23. Qxg4 Rab8 24. b3 a5 25. h4 Rb4 26. Qg3 h6 27. Ne6 Re8 28. h5 Rxe6 29. Rxe6 Qxe6 30. hxg6 fxg6 31. Re1 Qc6 32. Qd3 Kh7 1/2-1/2

[Event "CAN-ch"]
[Site "Guelph CAN"]
[Date "2009.08.08"]
[Round "1"]
[White "Morin, Yves"]
[Black "Kaminski, Victor"]
[Result "1/2-1/2"]
[WhiteElo "2214"]
[BlackElo "2268"]
[PlyCount "73"]
[GameId "2160767910093219"]
[EventDate "2009.08.08"]
[EventType "swiss"]
[EventRounds "9"]
[EventCountry "CAN"]
[SourceTitle "CBM 132 Extra"]
[Source "ChessBase"]
[SourceDate "2009.11.03"]
[SourceVersion "1"]
[SourceVersionDate "2009.11.03"]
[SourceQuality "1"]

1. d4 Nf6 2. Nf3 e6 3. e3 b6 4. b3 Bb7 5. Bb2 Be7 6. Nbd2 O-O 7. Bd3 c5 8. O-O cxd4 9. exd4 Nc6 10. a3 Rc8 11. Re1 Qc7 12. Rc1 d5 13. g3 Rfd8 14. Qe2 Nd7 15. Qe3 Bf6 16. Ng5 g6 17. f4 Nc5 18. Bf1 Ne7 19. Bg2 Nf5 20. Qf2 h6 21. Ngf3 Ne4 22. Qe2 h5 23. Ne5 Nc3 24. Qf2 Be7 25. Ndf3 Ne4 26. Qe2 Kg7 27. c3 f6 28. Nd3 Qd7 29. Nf2 Nxf2 30. Kxf2 Nd6 31. Nd2 Kf7 32. Kg1 Bf8 33. a4 Nf5 34. Bh3 Rc6 35. Qd3 Bd6 36. Rc2 Rc7 37. Rcc1 1/2-1/2

[Event "CAN-ch"]
[Site "Guelph CAN"]
[Date "2009.08.08"]
[Round "1"]
[White "Sapozhnikov, Roman"]
[Black "Humphreys, Michael"]
[Result "1-0"]
[WhiteElo "2177"]
[BlackElo "1999"]
[PlyCount "81"]
[GameId "2160767910093222"]
[EventDate "2009.08.08"]
[EventType "swiss"]
[EventRounds "9"]
[EventCountry "CAN"]
[SourceTitle "CBM 132 Extra"]
[Source "ChessBase"]
[SourceDate "2009.11.03"]
[SourceVersion "1"]
[SourceVersionDate "2009.11.03"]
[SourceQuality "1"]

1. d4 Nf6 2. Nf3 g6 3. Bg5 Bg7 4. Nbd2 c5 5. e3 O-O 6. c3 b6 7. Bd3 Bb7 8. O-O Na6 9. Qc2 Nc7 10. e4 Ne6 11. Be3 cxd4 12. cxd4 Ng4 13. Rac1 f5 14. exf5 gxf5 15. Nh4 Qb8 16. g3 Nxe3 17. fxe3 Nxd4 18. exd4 Bxd4+ 19. Rf2 Qd6 20. Rcf1 e6 21. Nhf3 Qd5 22. Bc4 Qc6 23. Qd3 Bxf2+ 24. Rxf2 a6 25. Qe3 f4 26. gxf4 Rf6 27. Rg2+ Kh8 28. b4 b5 29. Bf1 Qd6 30. Rg4 Raf8 31. Ne5 Qxb4 32. Nxd7 Rxf4 33. Qe5+ R8f6 34. Rxf4 Qxf4 35. Qxf6+ Qxf6 36. Nxf6 Kg7 37. Ne8+ Kf8 38. Nd6 Bd5 39. a3 Ke7 40. N6e4 b4 41. axb4 1-0

[Event "CAN-ch"]
[Site "Guelph CAN"]
[Date "2009.08.09"]
[Round "2"]
[White "Bluvshtein, Mark"]
[Black "Jung, Hans"]
[Result "1-0"]
[WhiteElo "2558"]
[BlackElo "2132"]
[PlyCount "97"]
[GameId "2160767910093225"]
[EventDate "2009.08.08"]
[EventType "swiss"]
[EventRounds "9"]
[EventCountry "CAN"]
[SourceTitle "CBM 132 Extra"]
[Source "ChessBase"]
[SourceDate "2009.11.03"]
[SourceVersion "1"]
[SourceVersionDate "2009.11.03"]
[SourceQuality "1"]

1. d4 Nf6 2. c4 e6 3. Nc3 Nc6 4. Nf3 d5 5. Bg5 Be7 6. e3 dxc4 7. Bxc4 Nd5 8. Bxe7 Ncxe7 9. Rc1 Nxc3 10. Rxc3 Bd7 11. O-O O-O 12. Bd3 Ng6 13. Be4 c6 14. Bb1 Re8 15. Qd3 Qe7 16. Rfc1 Rad8 17. Ra3 a6 18. Rac3 f6 19. Qc4 Nf8 20. e4 Kh8 21. e5 f5 22. Qd3 g5 23. Qe3 g4 24. Nd2 Ng6 25. Nc4 Rg8 26. Qh6 Qg7 27. Qxg7+ Rxg7 28. Nd6 Bc8 29. Kf1 Kg8 30. a4 Rgd7 31. Re1 Rxd6 32. exd6 Rxd6 33. Bxf5 Rxd4 34. Rd3 Rxd3 35. Bxd3 Kf7 36. a5 Nf8 37. Re4 e5 38. Rxe5 Nd7 39. Bc4+ Kf8 40. Rf5+ Ke7 41. Rf7+ Kd6 42. Rxh7 Ne5 43. Be2 Bd7 44. h4 gxh3 45. gxh3 c5 46. f4 Nc6 47. Bg4 Bxg4 48. hxg4 Nxa5 49. g5 1-0

[Event "CAN-ch"]
[Site "Guelph CAN"]
[Date "2009.08.09"]
[Round "2"]
[White "Calugar, Arthur"]
[Black "Casareno, Erwin"]
[Result "1-0"]
[WhiteElo "2288"]
[BlackElo "2254"]
[PlyCount "65"]
[GameId "2160767910093226"]
[EventDate "2009.08.08"]
[EventType "swiss"]
[EventRounds "9"]
[EventCountry "CAN"]

1. e4 c5 2. Nf3 Nc6 3. d4 cxd4 4. Nxd4 Nf6 5. Nc3 d6 6. Bg5 e6 7. Qd2 a6 8. O-O-O Qc7 9. f4 Bd7 10. Kb1 Be7 11. Bxf6 gxf6 12. f5 Nxd4 13. Qxd4 Qc5 14. Qd2 h5 15. Be2 O-O-O 16. Bf3 Kb8 17. h4 Rc8 18. Qe2 b5 19. a3 a5 20. Na2 exf5 21. exf5 Bxf5 22. Qxe7 Bxc2+ 23. Ka1 Rc7 24. Qxf6 Rhc8 25. Rd5 Qc4 26. Rxd6 b4 27. Qe5 Rc5 28. Rb6+ Ka7 29. Rb7+ Ka6 30. Qd6+ R5c6 31. Bxc6 Qxc6 32. Qxc6+ Rxc6 33. Rxb4 1-0

[Event "CAN-ch"]
[Site "Guelph CAN"]
[Date "2009.08.09"]
[Round "2"]
[White "Hambleton, Aman"]
[Black "Divljan, Igor"]
[Result "1-0"]
[WhiteElo "2052"]
[BlackElo "2290"]
[PlyCount "51"]
[GameId "2160767910093228"]
[EventDate "2009.08.08"]
[EventType "swiss"]
[EventRounds "9"]
[EventCountry "CAN"]
[SourceTitle "CBM 132 Extra"]
[Source "ChessBase"]
[SourceDate "2009.11.03"]
[SourceVersion "1"]
[SourceVersionDate "2009.11.03"]
[SourceQuality "1"]

1. d4 Nf6 2. c4 e6 3. Nc3 Bb4 4. Qc2 c5 5. dxc5 O-O 6. Nf3 Na6 7. a3 Bxc3+ 8. Qxc3 Nxc5 9. e3 b6 10. b4 Nce4 11. Qc2 Bb7 12. Bd3 Rc8 13. Bb2 d5 14. Qe2 dxc4 15. Bxc4 Ng4 16. h3 Ngxf2 17. O-O Nd6 18. Bxe6 fxe6 19. Qxf2 Ne4 20. Qe1 Rc2 21. Bd4 Ng5 22. Qg3 Rf7 23. Nxg5 Rxf1+ 24. Rxf1 e5 25. Bxe5 Qd2 26. Ne4 1-0

[Event "CAN-ch"]
[Site "Guelph CAN"]
[Date "2009.08.09"]
[Round "2"]
[White "Kaminski, Victor"]
[Black "Kaminski, Thomas"]
[Result "1/2-1/2"]
[WhiteElo "2268"]
[BlackElo "2088"]
[PlyCount "32"]
[GameId "2160767910093231"]
[EventDate "2009.08.08"]
[EventType "swiss"]
[EventRounds "9"]
[EventCountry "CAN"]
[SourceTitle "CBM 132 Extra"]
[Source "ChessBase"]
[SourceDate "2009.11.03"]
[SourceVersion "1"]
[SourceVersionDate "2009.11.03"]
[SourceQuality "1"]

1. e4 e5 2. Nf3 Nf6 3. Nxe5 Nxe4 4. d3 Nf6 5. Qe2 Qe7 6. Nf3 Qxe2+ 7. Bxe2 d6 8. Nc3 Be7 9. Bg5 O-O 10. O-O-O Nbd7 11. Ne4 h6 12. Nxf6+ Nxf6 13. Bd2 Be6 14. Kb1 Rfe8 15. Rde1 Bf8 16. h3 a6 1/2-1/2

[Event "CAN-ch"]
[Site "Guelph CAN"]
[Date "2009.08.09"]
[Round "2"]
[White "Livshits, Ron"]
[Black "Jiang, Louie"]
[Result "1/2-1/2"]
[WhiteElo "2332"]
[BlackElo "2250"]
[PlyCount "83"]
[GameId "2160767910093232"]
[EventDate "2009.08.08"]
[EventType "swiss"]
[EventRounds "9"]
[EventCountry "CAN"]
[SourceTitle "CBM 132 Extra"]
[Source "ChessBase"]
[SourceDate "2009.11.03"]
[SourceVersion "1"]
[SourceVersionDate "2009.11.03"]
[SourceQuality "1"]

1. d4 d5 2. c4 e6 3. Nc3 Nf6 4. cxd5 exd5 5. Bg5 Be7 6. e3 c6 7. Qc2 O-O 8. Bd3 Nbd7 9. Nf3 Re8 10. O-O Nf8 11. h3 Ne4 12. Bf4 Nd6 13. b4 Be6 14. b5 cxb5 15. Nxb5 a6 16. Nc7 Rc8 17. Nxe6 Nxe6 18. Bxh7+ Kh8 19. Qb1 Nxf4 20. exf4 g6 21. Bxg6 fxg6 22. Qxg6 Bf6 23. Qh5+ Kg7 24. Qxd5 b5 25. Rfe1 Ne4 26. Qf5 Bxd4 27. Qg4+ Kf8 28. Rad1 Bxf2+ 29. Kf1 Bxe1 30. Rxd8 Ng3+ 31. Kg1 Ne2+ 32. Kh1 Ng3+ 33. Kh2 Rcxd8 34. h4 Bf2 35. Qg6 Rd7 36. Ng5 Re3 37. Qf6+ Ke8 38. Qg6+ Kd8 39. Qb6+ Ke8 40. Qg6+ Kd8 41. Qb6+ Ke8 42. Qg6+ 1/2-1/2

[Event "CAN-ch"]
[Site "Guelph CAN"]
[Date "2009.08.09"]
[Round "2"]
[White "MacKinnon, Keith"]
[Black "Gerzhoy, Leonid"]
[Result "0-1"]
[WhiteElo "2148"]
[BlackElo "2409"]
[PlyCount "42"]
[GameId "2160767910093233"]
[EventDate "2009.08.08"]
[EventType "swiss"]
[EventRounds "9"]
[EventCountry "CAN"]
[SourceTitle "CBM 132 Extra"]
[Source "ChessBase"]
[SourceDate "2009.11.03"]
[SourceVersion "1"]
[SourceVersionDate "2009.11.03"]
[SourceQuality "1"]

1. e4 c5 2. Nf3 d6 3. d4 cxd4 4. Nxd4 Nf6 5. Nc3 a6 6. Be3 e6 7. f3 b5 8. Qd2 Nbd7 9. g4 h6 10. O-O-O Bb7 11. h4 b4 12. Na4 Qa5 13. b3 Nc5 14. a3 Rc8 15. Qxb4 Qc7 16. Rg1 Nfd7 17. Nb2 d5 18. Qe1 Nxb3+ 19. Kb1 Nxd4 20. Bxd4 Qxc2+ 21. Ka2 dxe4 0-1

[Event "CAN-ch"]
[Site "Guelph CAN"]
[Date "2009.08.09"]
[Round "2"]
[White "Plotkin, Victor"]
[Black "Morin, Yves"]
[Result "1-0"]
[WhiteElo "2215"]
[BlackElo "2214"]
[PlyCount "87"]
[GameId "2160767910093237"]
[EventDate "2009.08.08"]
[EventType "swiss"]
[EventRounds "9"]
[EventCountry "CAN"]
[SourceTitle "CBM 132 Extra"]
[Source "ChessBase"]
[SourceDate "2009.11.03"]
[SourceVersion "1"]
[SourceVersionDate "2009.11.03"]
[SourceQuality "1"]

1. e4 e5 2. Nf3 d6 3. d4 Nd7 4. Bc4 c6 5. c3 Qe7 6. O-O Nb6 7. Bb3 Bg4 8. Nbd2 Nh6 9. a4 f6 10. Re1 Rd8 11. Nf1 g6 12. a5 Nc8 13. Ne3 Bd7 14. Nh4 Bg7 15. f4 Nf7 16. f5 g5 17. Nf3 h5 18. Bc4 Kf8 19. b4 a6 20. Qb3 Nh6 21. Ba3 Ng4 22. Nc2 Be8 23. h3 Nh6 24. Be6 Na7 25. c4 exd4 26. Ncxd4 Nf7 27. Rad1 Ne5 28. Qe3 Nxf3+ 29. Nxf3 Nc8 30. b5 c5 31. Qd3 Bf7 32. Bxf7 Kxf7 33. Qd5+ Ke8 34. bxa6 bxa6 35. Qc6+ Qd7 36. Qxa6 Qc7 37. Rb1 Rd7 38. Rb3 Ke7 39. Reb1 Qa7 40. Qc6 Qxa5 41. Rb7 Rhd8 42. Rxd7+ Rxd7 43. Qxc8 Qxa3 44. Qg8 1-0

[Event "CAN-ch"]
[Site "Guelph CAN"]
[Date "2009.08.09"]
[Round "2"]
[White "Vincent, Trevor"]
[Black "Qin, Zi Yi (Joey)"]
[Result "1-0"]
[WhiteElo "2290"]
[BlackElo "2208"]
[PlyCount "73"]
[GameId "2160767910093239"]
[EventDate "2009.08.08"]
[EventType "swiss"]
[EventRounds "9"]
[EventCountry "CAN"]

1. c4 Nf6 2. g3 g6 3. Bg2 Bg7 4. Nc3 d6 5. e4 O-O 6. Nge2 e5 7. O-O c6 8. d3 Be6 9. h3 Qd7 10. Kh2 d5 11. exd5 cxd5 12. d4 exd4 13. Nxd4 dxc4 14. Nxe6 fxe6 15. Qe2 Nc6 16. Qxc4 Rac8 17. Be3 a6 18. Rad1 Qf7 19. Qe2 Rfe8 20. Bg5 Qf8 21. Rd2 h6 22. Bf4 Qf7 23. Rfd1 Re7 24. Bd6 Rd7 25. Na4 Re8 26. Nc5 Rdd8 27. Bxc6 bxc6 28. Nxa6 Nd5 29. Bc5 Ra8 30. a3 Bxb2 31. Rxb2 Nc3 32. Qe5 Nxd1 33. Bd4 Kf8 34. Qh8+ Ke7 35. Rb7+ Kd8 36. Bf6+ Kc8 37. Rxf7 1-0

[Event "CAN-ch"]
[Site "Guelph CAN"]
[Date "2009.08.10"]
[Round "3"]
[White "Casareno, Erwin"]
[Black "Me, Kevin"]
[Result "1-0"]
[WhiteElo "2254"]
[BlackElo "2188"]
[PlyCount "51"]
[GameId "2160767910093240"]
[EventDate "2009.08.08"]
[EventType "swiss"]
[EventRounds "9"]
[EventCountry "CAN"]

1. d4 Nf6 2. c4 g6 3. Nc3 Bg7 4. e4 d6 5. f4 O-O 6. Nf3 c5 7. d5 a6 8. a4 a5 9. Bd3 Na6 10. O-O Nb4 11. Bb1 Qb6 12. e5 Ng4 13. h3 Nh6 14. Qe2 Bf5 15. g4 Bxb1 16. Rxb1 e6 17. f5 Rfe8 18. dxe6 fxe6 19. fxg6 hxg6 20. Qe4 Nf7 21. Qxg6 Nh8 22. Qh5 Rf8 23. Bh6 Qc7 24. Ng5 Rfe8 25. Bxg7 Qxg7 26. Nce4 1-0

[Event "CAN-ch"]
[Site "Guelph CAN"]
[Date "2009.08.10"]
[Round "3"]
[White "Divljan, Igor"]
[Black "Arsenault, Nicolas"]
[Result "0-1"]
[WhiteElo "2290"]
[BlackElo "2161"]
[PlyCount "82"]
[GameId "2160767910093241"]
[EventDate "2009.08.08"]
[EventType "swiss"]
[EventRounds "9"]
[EventCountry "CAN"]
[SourceTitle "CBM 132 Extra"]
[Source "ChessBase"]
[SourceDate "2009.11.03"]
[SourceVersion "1"]
[SourceVersionDate "2009.11.03"]
[SourceQuality "1"]

1. d4 Nf6 2. c4 e6 3. Nf3 Bb4+ 4. Nbd2 b6 5. g3 Bb7 6. Bg2 O-O 7. a3 Bxd2+ 8. Qxd2 a5 9. b3 Be4 10. Bb2 d6 11. O-O Nbd7 12. b4 axb4 13. axb4 Qb8 14. Rxa8 Qxa8 15. Qc3 Qb7 16. Bh3 d5 17. Nd2 Bg6 18. f3 Ra8 19. Bg2 Ra2 20. Qb3 Qa8 21. e4 Qa4 22. Qxa4 Rxa4 23. cxd5 exd5 24. e5 Ne8 25. f4 Bd3 26. Bxd5 Bxf1 27. Kxf1 Nb8 28. Bc3 c6 29. Bb3 Ra3 30. Bb2 Ra7 31. b5 cxb5 32. Ne4 Nc6 33. e6 fxe6 34. Bxe6+ Kf8 35. d5 Nd8 36. Bf5 g6 37. Bh3 Ra2 38. Be5 b4 39. d6 b3 40. Ng5 b2 41. Nxh7+ Kg8 0-1

[Event "CAN-ch"]
[Site "Guelph CAN"]
[Date "2009.08.10"]
[Round "3"]
[White "Gerzhoy, Leonid"]
[Black "Sapozhnikov, Roman"]
[Result "1/2-1/2"]
[WhiteElo "2409"]
[BlackElo "2177"]
[PlyCount "79"]
[GameId "2160767910093242"]
[EventDate "2009.08.08"]
[EventType "swiss"]
[EventRounds "9"]
[EventCountry "CAN"]
[SourceTitle "CBM 132 Extra"]
[Source "ChessBase"]
[SourceDate "2009.11.03"]
[SourceVersion "1"]
[SourceVersionDate "2009.11.03"]
[SourceQuality "1"]

1. d4 d5 2. c4 c6 3. Nc3 e6 4. e3 f5 5. f4 Nf6 6. Nf3 Bd6 7. Be2 O-O 8. O-O Nbd7 9. Ne5 Ne4 10. Nxe4 fxe4 11. Bd2 Nxe5 12. dxe5 Be7 13. Bc3 Bd7 14. cxd5 cxd5 15. Bd4 Qa5 16. Qb3 Qb4 17. Qxb4 Bxb4 18. a3 Be7 19. Rac1 Rfc8 20. g4 g6 21. Kg2 a6 22. Kg3 Rxc1 23. Rxc1 Rc8 24. Rxc8+ Bxc8 25. g5 Bd7 26. h4 Ba4 27. h5 Kf7 28. Kf2 Bd8 29. Bc3 Bb6 30. Bg4 Bb5 31. Bd1 Bc5 32. a4 Bc4 33. hxg6+ hxg6 34. Bc2 b5 35. b3 Bd3 36. Bxd3 exd3 37. Kf3 Ba3 38. Bd2 Bb2 39. axb5 axb5 40. e4 1/2-1/2

[Event "CAN-ch"]
[Site "Guelph CAN"]
[Date "2009.08.10"]
[Round "3"]
[White "Humphreys, Michael"]
[Black "Kaminski, Victor"]
[Result "0-1"]
[WhiteElo "1999"]
[BlackElo "2268"]
[PlyCount "94"]
[GameId "2160767910093244"]
[EventDate "2009.08.08"]
[EventType "swiss"]
[EventRounds "9"]
[EventCountry "CAN"]
[SourceTitle "CBM 132 Extra"]
[Source "ChessBase"]
[SourceDate "2009.11.03"]
[SourceVersion "1"]
[SourceVersionDate "2009.11.03"]
[SourceQuality "1"]

1. Nf3 c5 2. g3 Nc6 3. d4 cxd4 4. Nxd4 g6 5. Bg2 Bg7 6. Nb3 Nf6 7. Nc3 O-O 8. O-O d6 9. h3 Be6 10. e4 Bc4 11. Re1 Rc8 12. Be3 Nd7 13. Qd2 b5 14. Bh6 Bxh6 15. Qxh6 a5 16. Nd2 Nd4 17. Nxc4 Rxc4 18. Qd2 Ne5 19. Qd1 b4 20. f4 bxc3 21. b3 Rb4 22. a3 Ndf3+ 23. Bxf3 Qb6+ 24. Kg2 Rd4 25. fxe5 Rxd1 26. Raxd1 dxe5 27. Rd3 Rc8 28. Ree3 Qc5 29. Rxc3 Qxc3 30. Rxc3 Rxc3 31. Bd1 Kf8 32. g4 Ke8 33. h4 Kd7 34. Kf2 Kd6 35. Ke2 Kc5 36. Kd2 Kd4 37. Be2 Rh3 38. Bd3 Rh2+ 39. Be2 Rh3 40. Bd3 Rh2+ 41. Be2 Rxh4 42. b4 axb4 43. axb4 Kxe4 44. c4 Kd4 45. c5 Rh3 46. c6 Rc3 47. Bf3 Rxf3 0-1